000 00486nam a22001817a 4500
003 CEME
005 20210628203638.0
008 210318b xxu||||| |||| 00| 0 eng d
020 _a0-86720-225-4
040 _c.
082 _a515.2433 WAV'R
100 _aRuskai, Mary Beth
_966674
245 _aWavelets and their applications
260 _aBOSTON
_bJONES AND BARTLETT
_c1992
300 _aXIII,474 P
650 _aINTEGRALS, SINGULAR, MAXIMAL FUNCTIONS
_966675
942 _cBK
_2ddc
999 _c574607
_d574607